000 00454nam a2200169Ia 4500
008 230917s9999||||xx |||||||||||||| ||und||
020 _cRS1495
040 _e241101
_aMAIN
041 _aEnglish
082 _a355.00954 M278P
100 _aMahajan, S K
245 0 _aParamilitary force: Its dynamics
260 _aNew Delhi
_bSumit Enterprises
_c2015
300 _a296 p.
500 _a2774 13/07/2017 RBP17/66642 21/07/2017 Main Budget
942 _cBK
999 _c23176
_d23176